LDR 00943naa#a2200181#i#450# 001 RU\\bibl\121288 005 20260515190925.5 011 ## _a1994-4683 100 ## _a20230803b2023####ek#y0rusy0150####ca 102 ## _aRU 200 1# _aПОЛОСА ПРЕПЯТСТВИЙ КАК ФОРМА ОРГАНИЗАЦИИ ЗАНЯТИЙ ПО ФИЗИЧЕСКОМУ ВОСПИТАНИЮ ШКОЛЬНИКОВ _eЖурнальная статья 210 1# _aМосква _cНациональный государственный Университет физической культуры, спорта и здоровья им. П.Ф. Лесгафта _d2023 215 ## _a3 с. 608 ## _aЖурнальная статья _2local 675 ## _aФизическое воспитание. Ритмическая гимнастика. Эуритмия. 37.037.1 _z 700 #1 _aКузекевич _gВ Р 700 #1 _aРусаков _gА А 856 4# _auchzapiski.lesgaft.spb.ru _u